Homosexuality power and politics = Homosexualidad: poder y politicas /
Збережено в:
| Автор: | |
|---|---|
| Формат: | Невідомо |
| Мова: | Spanish |
| Опубліковано: |
Madison, [New Jersey] :
Fairleigh Dickinson University Press,
c2005.
|
| Предмети: | |
| Теги: |
Додати тег
Немає тегів, Будьте першим, хто поставить тег для цього запису!
|
MARC
| LEADER | 000000000a22000000004500 | ||
|---|---|---|---|
| 001 | 011887 | ||
| 020 | |a 0838640613 | ||
| 041 | 0 | |a spa | |
| 082 | 0 | 4 | |a 306.7 |b C719h |
| 100 | 1 | |a Grimshaw, Tammy, |d 1962- | |
| 245 | 1 | 0 | |a Homosexuality power and politics = |b Homosexualidad: poder y politicas / |c Tammy Grimshaw. |
| 260 | 1 | |a Madison, [New Jersey] : |b Fairleigh Dickinson University Press, |c c2005. | |
| 300 | |a 261 páginas ; |c 24 cm. | ||
| 650 | 4 | |a MURDOCH, IRIS | |
| 650 | 4 | |a CRITICA E INTERPRETACION | |
| 650 | 4 | |a HOMOSEXUALIDAD Y LA LITERATURA | |
| 650 | 4 | |a INGLATERRA | |
| 650 | 4 | |a HISTORIA | |
| 650 | 4 | |a SIGLO 20 | |
| 650 | 4 | |a FICCION FEMINISTA | |
| 650 | 4 | |a INGLES | |
| 650 | 4 | |a HISTORIA Y CRITICA | |
| 650 | 4 | |a PODER | |
| 650 | 4 | |a CIENCIAS SOCIALES EN LA LITERATURA | |
| 650 | 4 | |a IDENTIDAD DE GENERO EN LA LITERATURA | |
| 650 | 4 | |a FUNCION DEL SEXO EN LA LITERATURA | |
| 650 | 4 | |a SEXO EN LA LITERATURA | |
| 500 | |a Colección George Yúdice | ||
| 999 | |c 17911 |d 17911 | ||
| 942 | |c BK |h 306.7 C719h |2 z | ||



